Logros y aportaciones de la investigación agrícola en el cultivo de las oleaginosas /

Gardado en:
Detalles Bibliográficos
Autor Principal: Quilantan Villarreal, Leodegario (autor)
Outros autores: Nieto Hatem, Jorge (autor) (autor)
Formato: Libro
Idioma:Lingua castelá
Series:(Publicación Especial ; 96)
Temas:
Etiquetas: Engadir etiqueta
Sen Etiquetas, Sexa o primeiro en etiquetar este rexistro!

MARC

LEADER 00000nam^a2200000^a^4500
001 000183465
005 20250521000000.0
009 20260310102041.384
037 |a Acervo ITESO - Biblioteca 
041 |a ESP 
082 |a 633. 85  |b QUI 
100 |a Quilantan Villarreal, Leodegario  |e (autor) 
245 1 0 |a Logros y aportaciones de la investigación agrícola en el cultivo de las oleaginosas /  |c L. Quilantan Villarreal. 
264 |a México :  |b Instituto Nacional de Investigaciones Agrícolas :  |b Secretaría de Agricultura y Recursos Hidráulicos,  |c 1983 
300 |a 20 p. 
336 |a texto  |b txt  |2 rdacontenido 
337 |a sin mediación  |b n  |2 rdamedio 
338 |a volumen  |b nc  |2 rdasoporte 
440 1 |a (Publicación Especial ;  |v 96) 
649 |a XX 
650 |a Cártamo -  |x Cultivo 
650 |a Linaza -  |x Cultivo 
650 |a Jojoba -  |x Cultivo 
650 |a Agricultura 
700 |a Nieto Hatem, Jorge  |e (autor) 
910 |a Fondo General 
920 |a Impresos - Libros 
930 |a Colección General 
905 |a 101 
901 |a 0500123666  |b IT1  |c ACC  |u 20250521 
902 |a https://opac.biblio.iteso.mx/vufind/Record/000183465